ბათუმის შოთა რუსთაველის სახელმწიფო უნივერსიტეტის ბიბლიოთეკა

Foundations of geometry : (ბიბ.ჩანაწერი № 61274)

000 -LEADER
fixed length control field 01605cam a2200385 i 4500
001 - CONTROL NUMBER
control field 20490836
005 - DATE AND TIME OF LATEST TRANSACTION
control field 20240124113611.0
008 - FIXED-LENGTH DATA ELEMENTS--GENERAL INFORMATION
fixed length control field 180510r20181960nyua 001 0 eng
010 ## - LIBRARY OF CONGRESS CONTROL NUMBER
LC control number 2018022377
020 ## - INTERNATIONAL STANDARD BOOK NUMBER
International Standard Book Number 9780486828091 (pbk.) X
020 ## - INTERNATIONAL STANDARD BOOK NUMBER
International Standard Book Number 0486828093 (pbk.) X
040 ## - CATALOGING SOURCE
Original cataloging agency DLC
Language of cataloging eng
Transcribing agency DLC
Description conventions rda
Modifying agency DLC
041 1# - LANGUAGE CODE
Language code of text/sound track or separate title eng
Language code of original pol
042 ## - AUTHENTICATION CODE
Authentication code pcc
050 00 - LIBRARY OF CONGRESS CALL NUMBER
Classification number QA681
Item number .B633 2018
080 ## - UNIVERSAL DECIMAL CLASSIFICATION NUMBER
Universal Decimal Classification number 514.144 B-78
100 1# - MAIN ENTRY--PERSONAL NAME
Personal name Borsuk, Karol,
Relator term author.
9 (RLIN) 21103
240 10 - UNIFORM TITLE
Uniform title Podstawy geometrii.
Language of a work English
245 10 - TITLE STATEMENT
Title Foundations of geometry :
Remainder of title Euclidean and Bolyai-Lobachevskian geometry : projective geometry /
Statement of responsibility, etc. by Karol Borsuk and Wanda Szmielew ; translated by Erwin Marquit.
250 ## - EDITION STATEMENT
Edition statement Dover edition.
264 #1 - PRODUCTION, PUBLICATION, DISTRIBUTION, MANUFACTURE, AND COPYRIGHT NOTICE
Place of production, publication, distribution, manufacture Mineola, New York :
Name of producer, publisher, distributor, manufacturer Dover Publications, Inc.,
Date of production, publication, distribution, manufacture, or copyright notice 2018.
300 ## - PHYSICAL DESCRIPTION
Extent xiv, 444 pages :
Other physical details illustrations ;
Dimensions 23 cm.
490 0# - SERIES STATEMENT
Series statement Dover books on mathematics
500 ## - GENERAL NOTE
General note Includes indexes.
500 ## - GENERAL NOTE
General note Originally published: Amsterdam : North-Holland Publishing Co. ; New York : Interscience Publishers, 1960.
546 ## - LANGUAGE NOTE
Language note In English; translated from Polish.
650 #0 - SUBJECT ADDED ENTRY--TOPICAL TERM
Topical term or geographic name entry element Geometry
General subdivision Foundations.
9 (RLIN) 21104
653 ## - INDEX TERM--UNCONTROLLED
keyword გეომეტრიის საფუძვლები
653 ## - INDEX TERM--UNCONTROLLED
keyword პროექციული გეომეტრია
700 1# - ADDED ENTRY--PERSONAL NAME
Personal name Szmielew, Wanda,
Relator term author.
9 (RLIN) 21105
700 1# - ADDED ENTRY--PERSONAL NAME
Personal name MARQUIT, ERWIN
Relator term მთარგმნელი
9 (RLIN) 21106
906 ## - LOCAL DATA ELEMENT F, LDF (RLIN)
a 7
b cbc
c orignew
d 1
e ecip
f 20
g y-gencatlg
942 ## - ADDED ENTRY ELEMENTS (KOHA)
Source of classification or shelving scheme
Koha item type წიგნი
ეგზემპლარები
Withdrawn status Lost status Source of classification or shelving scheme Damaged status Not for loan Permanent Location Current Location Shelving location Date acquired Cost, normal purchase price Full call number Barcode Date last seen Copy number Price effective from Koha item type Public note
          ბათუმის შოთა რუსთაველის სახელმწიფო უნივერსიტეტის მთავარი ბიბლიოთეკა ბათუმის შოთა რუსთაველის სახელმწიფო უნივერსიტეტის მთავარი ბიბლიოთეკა წიგნსაცავი 2024-01-24 135.00 514.144 B-78 67164 2024-01-24 67164 2024-01-24 წიგნი 135.00
          ბათუმის შოთა რუსთაველის სახელმწიფო უნივერსიტეტის მთავარი ბიბლიოთეკა ბათუმის შოთა რუსთაველის სახელმწიფო უნივერსიტეტის მთავარი ბიბლიოთეკა წიგნსაცავი 2024-01-24 135.00 514.144 B-78 67165 2024-01-24 67165 2024-01-24 წიგნი 135.00
          ბათუმის შოთა რუსთაველის სახელმწიფო უნივერსიტეტის მთავარი ბიბლიოთეკა ბათუმის შოთა რუსთაველის სახელმწიფო უნივერსიტეტის მთავარი ბიბლიოთეკა წიგნსაცავი 2024-01-24 135.00 514.144 B-78 67166 2024-01-24 67166 2024-01-24 წიგნი 135.00